|
|
|
|
| LEADER |
00000cam a2200000 c 4500 |
| 001 |
1614365989 |
| 003 |
DE-627 |
| 005 |
20251225195510.0 |
| 007 |
tu |
| 008 |
150417s2013 ie ||||| 00| ||eng c |
| 016 |
7 |
|
|a GBB516720
|2 UK
|
| 035 |
|
|
|a (DE-627)1614365989
|
| 035 |
|
|
|a (DE-576)429425252
|
| 035 |
|
|
|a (DE-599)BSZ429425252
|
| 035 |
|
|
|a (BL)016748415
|
| 040 |
|
|
|a DE-627
|b ger
|c DE-627
|e rakwb
|
| 041 |
|
|
|a eng
|
| 044 |
|
|
|c XA-IE
|
| 082 |
0 |
|
|a 365.9417
|
| 245 |
0 |
0 |
|a Making progress?
|b examining the first year of the Irish Prison Services's three year strategic plan 2012 - 2015
|c Jesuit Centre for Faith and Justice. This report was compiled by Anna Fenton ...
|
| 264 |
|
1 |
|a Dublin
|b The Jesuit Centre for Faith and Justice
|c 2013
|
| 300 |
|
|
|a 32 S.
|b Ill., graph. Darst.
|c 30 cm
|
| 336 |
|
|
|a Text
|b txt
|2 rdacontent
|
| 337 |
|
|
|a ohne Hilfsmittel zu benutzen
|b n
|2 rdamedia
|
| 338 |
|
|
|a Band
|b nc
|2 rdacarrier
|
| 650 |
|
0 |
|a Prisons
|x Ireland
|
| 650 |
|
0 |
|a Prison administration
|x Ireland
|
| 650 |
|
0 |
|a Punishment
|x Ireland
|
| 700 |
1 |
|
|a Fenton, Anna
|4 oth
|
| 710 |
2 |
|
|a Jesuit Centre for Faith and Justice
|g Dublin
|0 (DE-588)10138837-8
|0 (DE-627)512776881
|0 (DE-576)254463762
|4 oth
|
| 856 |
4 |
2 |
|u https://swbplus.bsz-bw.de/bsz429425252inh.htm
|m B:DE-576;DE-Frei85
|q application/pdf
|v 20180813000000
|x Verlag
|3 Inhaltsverzeichnis
|7 1
|
| 935 |
|
|
|a mkri
|
| 951 |
|
|
|a BO
|
| ELC |
|
|
|b 1
|
| LOK |
|
|
|0 000 xxxxxcx a22 zn 4500
|
| LOK |
|
|
|0 001 3182992643
|
| LOK |
|
|
|0 003 DE-627
|
| LOK |
|
|
|0 004 1614365989
|
| LOK |
|
|
|0 005 20150810104819
|
| LOK |
|
|
|0 008 150417||||||||||||||||ger|||||||
|
| LOK |
|
|
|0 040
|a DE-Frei85
|c DE-627
|d DE-Frei85
|
| LOK |
|
|
|0 852
|a DE-Frei85
|
| LOK |
|
|
|0 852 1
|m p
|9 00
|
| LOK |
|
|
|0 938
|k p
|
| LOK |
|
|
|0 939
|a 17-04-15
|b l01
|
| ORI |
|
|
|a SA-MARC-krimdoka001.raw
|